| 000 | 00309nam a2200109Ia 4500 | ||
|---|---|---|---|
| 008 | 230320s9999||||xx |||||||||||||| ||spa|| | ||
| 082 | _a861.6/E24 | ||
| 100 | _aEditorial Tawantisuyo (Lima, Pe) | ||
| 245 | 0 | _aAntologia De La Poesia Actual | |
| 260 | _bTAWANTINSUYOEDITORIAL TAWANTISUYO (LIMA, | ||
| 942 |
_80 _cLIB |
||
| 999 |
_c33515 _d33515 |
||